000 00387nam a2200145Ia 4500
008 230917s9999||||xx |||||||||||||| ||und||
040 _e136191
_aMAIN
041 _aEnglish
082 _a330.9 J199V
100 _aJain, P.C.
245 0 _aViksit aur vikasshel deso ka tulnatamk adyyan
260 _aBhopal
_bMadhya Pradesh Hindi Granth Academy
_c1990
300 _a192p p.
942 _cBK
999 _c70237
_d70237